书目信息 |
| 题名: |
胸中无剑
|
|
| 作者: | 何帆, 著 | |
| 分册: | ||
| 出版信息: | 北京 北京大学出版社 2006.04 |
|
| 页数: | 262页 | |
| 开本: | 23cm | |
| 丛书名: | 天下财经 | |
| 单 册: | ||
| 中图分类: | F124 | |
| 科图分类: | ||
| 主题词: | 经济--jing ji--研究--中国 | |
| 电子资源: | ||
| ISBN: | 7-301-10263-1 | |
| 000 | 00791nam 2200253 450 | |
| 001 | 012007298115 | |
| 005 | 20071009091629.03 | |
| 010 | @a7-301-10263-1@dCNY36.00 | |
| 100 | @a20070807d2006 km y0chiy0120 ea | |
| 101 | 0 | @achi |
| 102 | @aCN@b110000 | |
| 105 | @aa a 000yy | |
| 200 | 1 | @a胸中无剑@Axiong zhong wu jian@f何帆著@Fhe fan zhu |
| 210 | @a北京@c北京大学出版社@d2006.04 | |
| 215 | @a262页@c图@d23cm | |
| 225 | 2 | @a天下财经@Atian xia cai jing |
| 320 | @a有书目 (第262页)。 | |
| 330 | @a本书分为人民币悬念、中国经济的春天、不平衡的全球化、走进公共政策等几个部分,探讨了经济发展中的焦点问题。 | |
| 410 | 0 | @12001 @a天下财经 |
| 606 | 0 | @a经济@Ajing ji@x研究@y中国 |
| 690 | @aF124@v4 | |
| 701 | 0 | @a何帆,@Ahe fan@f1971- @4著 |
| 801 | 0 | @aCN@c20071009 |
| 905 | @dF124@eH175 | |
| 胸中无剑/何帆著.-北京:北京大学出版社,2006.04 |
| 262页:图;23cm.-(天下财经) |
| ISBN 7-301-10263-1:CNY36.00 |
| 本书分为人民币悬念、中国经济的春天、不平衡的全球化、走进公共政策等几个部分,探讨了经济发展中的焦点问题。 |
| ● |
| 相关链接 |
|
|
|
正题名:胸中无剑
索取号:F124/H175
 
预约/预借
| 序号 | 登录号 | 条形码 | 馆藏地/架位号 | 状态 | 备注 |
| 1 | 251044 | 202510443 | 社科库409/409社科库 69排2列1层/ [索取号:F124/H175] | 在馆 | |
| 2 | 251045 | 202510452 | 社科二线422/409社科库 69排2列1层/ [索取号:F124/H175] | 在馆 | |
| 3 | 251046 | 202510461 | 社科二线422/409社科库 69排2列1层/ [索取号:F124/H175] | 在馆 |